Normal view
MARC view
- تأليف البصري،أبي محمد القاسم بن علي بن محمد الحريري ؛ علق عليه وضبطه أحمد عبد السلام الطيبي
Entry Personal Name
001 - CONTROL NUMBER
- control field: 43289
003 - CONTROL NUMBER IDENTIFIER
- control field: JO-AjAnu
005 - DATE AND TIME OF LATEST TRANSACTION
- control field: 20230606081157.0
008 - FIXED-LENGTH DATA ELEMENTS
- fixed length control field: 230606|| aca||aabn | a|a d
040 ## - CATALOGING SOURCE
- Original cataloging agency: JO-AjAnu
- Transcribing agency: JO-AjAnu
100 ## - HEADING--PERSONAL NAME
- Personal name: تأليف البصري،أبي محمد القاسم بن علي بن محمد الحريري ؛ علق عليه وضبطه أحمد عبد السلام الطيبي
670 ## - SOURCE DATA FOUND
- Source citation: Work cat.: (JO-AjAnu)22168: تأليف البصري،أبي محمد القاسم بن علي بن محمد الحريري ؛ علق عليه وضبطه أحمد عبد السلام الطيبي, author, مقامات الحريري المسمى بالمقانات الأدبية